000 00656nam a2200241Ia 4500
003 OSt
005 20220916111035.0
006 a|||||r|||| 00| 0
007 ta
008 220915b |||||||| |||| 00| 0 eng d
024 _a126327
037 _cTextbook
040 _beng
_aARTS
_cARTS
041 _aeng
082 _aV73:19.58.N5, J1
100 _aDennett Raymond ed
245 0 _aNegotiating with the Russians
260 _aN.Y
_bWorld peace Foundation
650 _aHISTORY
700 _a Johnson Joseph E ed
942 _hV73:19.58.N5, J1
_cTB
_2CC
999 _c104243
_d104243